Que nos tengan en cuenta : (Registro nro. 38333)

Detalles MARC
000 -CABECERA
Longitud fija campo de control 01080cam a2200325 a 4500
003 - IDENTIFICADOR DEL NUMERO DE CONTROL
Identificador del número de control CO-BoRNBP
005 - FECHA Y HORA DE LA ULTIMA TRANSACCION
Fecha y hora de la última transacción 20240926150518.0
007 - CAMPO FIJO DE DESCRIPCION FISICA
Campo fijo de descripción física ta
008 - CODIGOS DE INFORMACION DE LONGITUD FIJA
Códigos de información de longitud fija 950731s1995 ck b r 00010 spa d
020 ## - NUMERO INTERNACIONAL NORMALIZADO PARA LIBROS
Número Internacional Normalizado para Libros (ISBN) 9586122115
040 ## - FUENTE DE LA CATALOGACION
Centro catalogador de origen la
Centro transcriptor la
Lengua de catalogación spa
Normas de descripción rda
041 0# - CODIGO DE LENGUA
Código de lengua del texto/banda sonora o título independiente spa
043 ## - CODIGO DE AREA GEOGRAFICA
Código de área geográfica s-ck---
082 04 - NUMERO DE LA CLASIFICACION DECIMAL DEWEY
Número de clasificación (R) 325.3
Número del ítem T69q
Número de edición 19 ed.
100 1# - PUNTO DE ACCESO PRINCIPAL-NOMBRE DE PERSONA
Nombre de persona Tovar Pinzón, Hermes,
Fechas asociadas al nombre 1941-
245 10 - TITULO PROPIAMENTE DICHO
Título Que nos tengan en cuenta :
Resto del título colonos, empresarios y aldeas Colombia 1800-1900 /
Mención de responsabilidad, etc. Hermes Tovar Pinzón.
250 ## - MENCION DE EDICION
Mención de edición Primera edición
300 ## - DESCRIPCION FISICA
Extensión 256 p. :
Otras características físicas maps. ;
Dimensiones 21 cm.
336 ## - TIPO DE CONTENIDO
Fuente rdacontenido
Término de tipo de contenido texto
Código de tipo de contenido txt
337 ## - TIPO DE MEDIO
Fuente rdamedio
Nombre del tipo de medio sin mediación
Código del tipo de medio n
338 ## - TIPO DE SOPORTE
Fuente rdasoporte
Nombre del tipo de soporte volumen
Código del tipo de soporte nc
500 ## - NOTA GENERAL
Nota general Libro reseñado en : Boletín cultural y bibliográfico.
504 ## - NOTA DE BIBLIOGRAFIA, ETC
Nota de bibliografía, etc. Incluye bibliografía.
650 ## - PUNTO DE ACCESO ADICIONAL DE MATERIA - TERMINO DE MATERIA
Fuente del encabezamiento ARMARC
651 #7 - PUNTO DE ACCESO ADICIONAL DE MATERIA - NOMBRE GEOGRAFICO
Nombre geográfico Tolima (Colombia)
Subdivisión de materia general Colonización
Subdivisión cronológica Siglos XIX-XX.
651 #7 - PUNTO DE ACCESO ADICIONAL DE MATERIA - NOMBRE GEOGRAFICO
Nombre geográfico Tolima (Colombia)
Subdivisión de materia general Colonización
-- Aspectos sociales.
830 #0 - PUNTO DE ACCESO ADICIONAL DE SERIE - TITULO UNIFORME
Título uniforme Bernardo Ramírez-Colección 1
942 ## - ENTRADA DE ELEMENTOS AGREGADOS (KOHA)
Fuente de clasificaión o esquema Dewey Decimal Classification
Koha [por defecto] tipo de item LIbro
949 ## - TRATAMIENTO DE LA INFORMACION LOCAL (OCLC)
a c
b c
Existencias
Perdido Fuente de clasificación o esquema Estado Físico No para préstamo Forma de adquisición Localización permanente Localización actual Localización en estanterías Fecha adquisición Préstamos totales Signatura completa Código de barras Fecha última consulta Número de copia Fecha del precio de reemplazo Tipo de item de Koha
  Dewey Decimal Classification     Colección General Biblioteca Pública Guamal Biblioteca Pública Guamal General 09/26/2024   325. 3 T69q GUA004109 09/26/2024 Ej.1 09/26/2024 LIbro









Instituto Departamental de Cultura del Meta - Red Departamental de Bibliotecas Públicas del Meta.